[Event "Oberliga Baden 1213"]
[Site "Baden"]
[Date "2012.11.25"]
[Round "3.1"]
[White "Rosner, Jonas"]
[Black "Ekstroem, Roland"]
[Result "1-0"]
[WhiteElo "2314"]
[BlackElo "2471"]
[PlyCount "97"]
[EventDate "2012.10.14"]
[EventType "team-tourn"]
[EventRounds "9"]
[EventCountry "GER"]
[SourceTitle "EXT 2014"]
[Source "ChessBase"]
[SourceDate "2013.11.20"]
[SourceVersion "1"]
[SourceVersionDate "2013.11.20"]
[SourceQuality "1"]
[WhiteTeam "Ettlingen"]
[BlackTeam "Brombach"]
[WhiteTeamCountry "GER"]
[BlackTeamCountry "GER"]

1. c4 e6 2. g3 d5 3. Bg2 Nf6 4. Nf3 Be7 5. 0-0 0-0 6. b3 c5 7. Bb2 Nc6 8. e3 d4 9. exd4 cxd4 10. Re1 Ne8 11. Ne5 Nxe5 12. Rxe5 f6 13. Re1 e5 14. d3 Nc7 15. Nd2 Kh8 16. Qc1 Na6 17. Ba3 Nc5 18. Bxc5 Bxc5 19. a3 a5 20. Qb2 Qb6 21. Rab1 Bf5 22. Ne4 Be7 23. Rec1 Rfc8 24. b4 axb4 25. axb4 Ra4 26. c5 Qb5 27. Qb3 Raa8 28. h4 Qd7 29. Nd2 Be6 30. Nc4 Rc7 31. Qd1 Ra2 32. Qb3 Ra8 33. Ra1 Rxa1 34. Rxa1 g6 35. Qa4 Bxc4 36. dxc4 f5 37. Bd5 d3 38. Qxd7 Rxd7 39. Kf1 e4 40. Ra7 Bf6 41. c6 Rd8 42. c7 Rc8 43. Rxb7 Be5 44. b5 Bxc7 45. Rxc7 Rxc7 46. b6 Rd7 47. b7 Rd8 48. Ke1 Kg7 49. c5 1-0

[Event "SUI-chT"]
[Site "Switzerland"]
[Date "2011.04.17"]
[Round "3.4"]
[White "Gallagher, Joseph G"]
[Black "Ekstroem, Roland"]
[Result "1/2-1/2"]
[WhiteElo "2496"]
[BlackElo "2492"]
[PlyCount "59"]
[EventDate "2011.02.27"]
[EventType "team-tourn"]
[EventRounds "9"]
[EventCountry "SUI"]
[SourceTitle "CBM 141 Extra"]
[Source "ChessBase"]
[SourceDate "2011.05.03"]
[SourceVersion "1"]
[SourceVersionDate "2011.05.03"]
[SourceQuality "1"]
[WhiteTeam "Reti"]
[BlackTeam "Riehen"]
[WhiteTeamCountry "SUI"]
[BlackTeamCountry "SUI"]

1. e4 Nf6 2. e5 Nd5 3. d4 d6 4. Nf3 dxe5 5. Nxe5 c6 6. Be2 Bf5 7. 0-0 Nd7 8. Nd3 e6 9. c4 N5f6 10. Nc3 Bd6 11. Qb3 Qb8 12. h3 0-0 13. Be3 e5 14. dxe5 Nxe5 15. Rad1 Re8 16. Nc5 Re7 17. Rd2 Ng6 18. Rfd1 Ne8 19. N3a4 Bh2+ 20. Kh1 Bf4 21. Bxf4 Nxf4 22. Bf3 Qe5 23. Qc3 Qc7 24. Qd4 h6 25. Nc3 Ne6 26. Nxe6 Rxe6 27. Be4 c5 28. Qd3 Bxe4 29. Nxe4 Nf6 30. Nxf6+ 1/2-1/2

[Event "Oberliga Baden 1011"]
[Site "Baden"]
[Date "2011.01.16"]
[Round "5.1"]
[White "Raupp, Thomas"]
[Black "Ekstroem, Roland"]
[Result "1/2-1/2"]
[WhiteElo "2325"]
[BlackElo "2490"]
[PlyCount "94"]
[EventDate "2010.10.10"]
[EventType "team-tourn"]
[EventRounds "9"]
[EventCountry "GER"]
[SourceTitle "EXT 2012"]
[Source "ChessBase"]
[SourceDate "2011.11.24"]
[SourceVersion "1"]
[SourceVersionDate "2011.11.24"]
[SourceQuality "1"]
[WhiteTeam "Eppingen II"]
[BlackTeam "Brombach"]
[WhiteTeamCountry "GER"]
[BlackTeamCountry "GER"]

1. d4 Nf6 2. c4 e6 3. Nc3 Bb4 4. Qc2 d5 5. cxd5 Qxd5 6. Nf3 Qf5 7. Qxf5 exf5 8. Bf4 c6 9. a3 Be7 10. e3 Be6 11. Bd3 h6 12. 0-0 Nbd7 13. h3 0-0 14. Rfc1 Rfd8 15. b4 Rac8 16. Na4 Ne4 17. Bxe4 fxe4 18. Nd2 f5 19. Nc5 Nxc5 20. bxc5 b6 21. cxb6 axb6 22. Nc4 Bxc4 23. Rxc4 c5 24. dxc5 Rxc5 25. Rxc5 Bxc5 26. a4 g5 27. Bg3 Ra8 28. Be5 Kf7 29. g4 Kg6 30. gxf5+ Kxf5 31. Bc3 g4 32. Kg2 h5 33. a5 bxa5 34. Rxa5 Rxa5 35. Bxa5 Be7 36. Bc3 Bh4 37. Be1 Kg5 38. Kh2 Kf5 39. Kg2 Bf6 40. Kg3 gxh3 41. Kxh3 Bg5 42. Bc3 Ke6 43. Kg3 Kf5 44. Kh3 Ke6 45. Kg3 Kf5 46. f3 Bxe3 47. fxe4+ Kxe4 1/2-1/2